Jugadores Míticos Argentina - Estadísticas

Estadísticas generales
  • Esta prueba ha sido intentada 40 veces
  • La puntuación promedio es 18 de 20
Estadísticas de respuestas
Imagen Respuesta % Correcto
Di María
100%
Emiliano Martínez
100%
Higuaín
100%
Maradona
100%
Mascherano
100%
Messi
100%
Agüero
97%
Batistuta
97%
Tevez
97%
Verón
97%
Kempes
94%
Palermo
94%
Riquelme
94%
Zanetti
94%
Crespo
92%
Milito
92%
Redondo
81%
Ruggeri
75%
Passarella
64%
Burruchaga
53%
No se encontraron pruebas coincidentes
Distribución de puntuación
Porcentaje de gente con cada puntuación
Porcentaje por número respondido
Historial de tus puntuaciones
No has intentado esta prueba.